000 00942nam a2200229Ia 4500
003 Ost
005 20260507075803.0
008 260507s9999||||xx |||||||||||||| ||und||
040 _cfsecg
041 _aara
082 _a330.09
100 _aالدسوقي، عاصم،
_eمؤلف
245 0 _aفي التاريخ الاقتصادي /
_c عاصم الدسوقي
250 _aطبعة 2
260 _a[دون مكان]:
_bمؤسسة ابن خلدون,
_c1999
300 _a207 صفحة؛
_bإيضاحات ؛
_c24 سم
504 _aببليوغرافيا ص.206
520 _aيتناول الكتاب مرحلة العصور القديمة ،مرحلة العصور الوسطى، العصر الحديث ، التقدم الصناعي و الزراعي ، تقويم الراسمالية ، النظام الاشتراكي.
653 _aالتاريخ الاقتصادي
653 _aالرأسمالية
942 _cكتاب
999 _c46335
_d46335